Responses for Show #6310 - Friday, February 10, 2012

2012 College Championship semifinal game 3.

Contestants

[<< previous game]

Connie Shi, a junior at the University of Michigan from Okemos, Michigan

Zack Terrill, a senior at Vanderbilt University from Winter Springs, Florida

Matt Olson, a sophomore at Stanford University from Berkeley, California

[next game >>]

Jeopardy! Round responses

HISTORIC TRANSPORTS
POTPOURRI
PRE-COLUMBIAN AMERICANS
SUPERHERO MOVIES
SHH! LIBRARIANS
"K" IS FOR...
    $200 26
Air Force One

Connie
    $200 3
an igloo

Zack
    $200 1
mammoths

Matt
    $200 4
Iron Man

Connie
    $200 21
J. Edgar Hoover

Connie
    $200 5
Kwanzaa

Matt
    $400 27
Sputnik

Matt
    $400 17
(Zack: Who is Rehnquist?)

(John Paul) Stevens

MattZack
    $400 2
rain

Connie
    $400 6
Thor

Zack
    $1,200 22
Mao (Tse-tung)

Connie
    $400 9
Kraft

Zack
    $600 28
(Matt: Who is Cromwell?)

(Lord) Nelson

MattConnie
    $600 18
vertebrae

Zack
    $600 14
Venus

Zack
    $600 7
the Joker

Zack
    $600 23
Lewis Carroll

Zack
    $600 11
(Alex: Yes, that's got a "K.")

a kettle drum

Zack
    $800 29
(Alex: And that would be the famous [*].)

Calypso

Triple Stumper
    $800 19
gloves

Connie
    $800 15
obsidian

Matt
    $800 8
the Green Lantern

Connie
    $800 24
Casanova

Matt
    $800 12
ketosis

Connie
    $1000 30
(Zack: What is "Damn the torpedoes"?)

"Don't give up the ship"

MattZack
    $1000 20
sauerkraut

Connie
    $1000 16
(Connie: What is Machu Picchu?)

Cuzco

ZackConnie
    $1000 10
(Connie: Who is Dr. Xavier?)
...
(Alex: [*], but not Doctor.)
[Connie's response was later ruled correct.]

Professor X (or Professor Charles Xavier)

ZackConnie
    $1000 25
Goethe

Connie
    $1000 13
Krishna

Matt

Scores at the first commercial break (after clue 15):

Matt Zack Connie
$2,200 $3,800 $3,200

Scores at the end of the Jeopardy! Round:

Matt Zack Connie
$4,200 $4,600 $7,200

Double Jeopardy! Round responses

VOLCANOES
COLLEGE BEFORE & AFTER
EPONYMS
EUROPEAN HISTORY
POETIC CHARACTERS
THE 54th GRAMMY AWARDS
(Alex: [*] will be on air this Sunday, and we have an entire category about nominees in the Grammys.)
    $400 1
the Andes

Zack
    $400 7
West Point & click

Zack
    $400 29
(Zack: Who is Kelvin?)

Celsius

MattZack
    $400 3
the Magna Carta

Matt
    $400 30
[NOTE: "e.e. cummings" was unconventionally written in all lowercase as shown.]

Buffalo Bill

Triple Stumper
    $400 13
"Born This Way"

Zack
    $800 2
Iceland

Connie
    $800 8
Bowling Green beans

Matt
    $800 28
Caesar

Matt
    $800 11
Marathon

Matt
    $800 24
Helen of Troy

Matt
    $800 14
the Red Hot Chili Peppers

Zack
    $1200 4
Indonesia

Matt
    $1200 9
Texas A & M. Night Shyamalan

Triple Stumper
    $1200 25
a Ponzi scheme

Matt
    $1200 18
the Basques

Connie
    $1200 23
(Matt: Who is Venus?)

Adonaïs

Matt
Triple Stumper
    $1200 15
The Stray Cats

Triple Stumper
    $2,200 5
Vesuvius

Matt
    $1600 10
Seton Hall pass

Connie
    $6,000 26
(Matt: What is Belmont?)

Derby

Matt
    $1600 19
the Congress of Vienna

Matt
    $1600 21
Gunga Din

Triple Stumper
    $1600 16
Bon Iver

Zack
    $2000 6
(Connie: What is Honshu?)

Kyushu

Connie
Triple Stumper
    $2000 12
Wake Forest fires

Zack
    $2000 27
a macadamia nut

Zack
    $2000 20
Hungary

Matt
    $2000 22
the Spoon River Anthology

Matt
    $2000 17
Barbra Streisand

Matt

Scores at the end of the Double Jeopardy! Round:

Matt Zack Connie
$13,200 $11,800 $8,800

[wagering suggestions for these scores]

Final Jeopardy! Round responses

ANCIENT QUOTATIONS
[ZergCam]
ConnieWho is Constantine?
$8,798
ZackWho is Midas?
$7,000
MattWho is Ozymandias
$10,401
King Solomon

Final scores:

Matt Zack Connie
$2,799 $4,800 $2
2nd place: $10,000 Finalist 3rd place: $10,000

Game dynamics:

Coryat scores:

Matt Zack Connie
$18,600 $11,800 $8,000
21 R
(including 1 DD),
3 W
(including 1 DD)
17 R,
3 W
15 R
(including 1 DD),
2 W

Combined Coryat: $38,400

[game clues] [game scores] [suggest correction]

Game tape date: 2012-01-06
The J! Archive is created by fans, for fans. Scraping, republication, monetization, and malicious use prohibited; this site may use cookies and collect identifying information. See terms. The Jeopardy! game show and all elements thereof, including but not limited to copyright and trademark thereto, are the property of Jeopardy Productions, Inc. and are protected under law. This website is not affiliated with, sponsored by, or operated by Jeopardy Productions, Inc. Join the discussion at JBoard.tv.